000 00286nam a22001217a 4500
008 170908b xxu||||| |||| 00| 0 eng d
041 _aeng
080 _a91
100 _a42
101 _aGJEO
245 _aPOLITICAL REDISTRICTING AND GEOGRAPHIC THEORY
_cMORRILL,R.L
942 _2udc
_cBK
999 _c26772
_d26772